Hodnocení možnosti uplatnění vybraných prvků švédského monitoringu potřeb trhu práce v podmínkách ČR

Švédsky spôsob kvalitatívneho monitorovania potrieb zamestnávateľov na lokálnom či regionálnom trhu práce. Porovnanie a zhodnotenie funkčnosti a uplatniteľnosti v českých podmienkach verejných služieb zamestnanosti.

Salvato in:
Dettagli Bibliografici
Autore principale: Zelenková, Iveta
Altri autori: Vyhlídal, Jiří, Klimplová, Lenka
Natura: Capitolo di libro
Lingua:ceco
Soggetti:
Tags: Aggiungi Tag
Nessun Tag, puoi essere il primo ad aggiungerne!!

MARC

LEADER 00000naa a2200000 4500
001 0206042
005 20221019175114.2
041 0 |a cze 
044 |a CZ 
245 1 0 |a Hodnocení možnosti uplatnění vybraných prvků švédského monitoringu potřeb trhu práce v podmínkách ČR  |c Iveta Zelenková, Jiří Vyhlídal, Lenka Klimplová 
520 |a Švédsky spôsob kvalitatívneho monitorovania potrieb zamestnávateľov na lokálnom či regionálnom trhu práce. Porovnanie a zhodnotenie funkčnosti a uplatniteľnosti v českých podmienkach verejných služieb zamestnanosti. 
610 2 0 |a služby zamestnanosti 
610 2 0 |a politika zamestnanosti 
610 2 0 |a ponuka práce 
610 2 0 |a trh práce 
610 2 0 |a zamestnanosť 
610 2 0 |a Švédsko 
610 2 0 |a Česko 
100 1 |a Zelenková, Iveta 
700 1 |a Vyhlídal, Jiří 
700 1 |a Klimplová, Lenka